000 00255nam a2200109Ia 4500
008 200302s9999 xx 000 0 und d
100 _aRobyn Karney
245 _aTiles for a Beautiful Home
260 _bMerehurst Press
260 _c1989
300 _a159 P.,
999 _c2378
_d2378